| 000 | 01093cab a22002175a 4500 | ||
|---|---|---|---|
| 001 | L142901 | ||
| 008 | 080318s2008 xxk f 000 0 eng d | ||
| 035 | _a(Sirsi) u142901 | ||
| 041 | 0 | _aeng | |
| 100 | 1 | _aMenary, Steve | |
| 245 | 0 | 0 | _aGoing west |
| 260 | _c2008 | ||
| 490 |
_aHousebuilder _v67(2) March 2008, 20-21(2) |
||
| 520 | _aReports on the effects of the continued spread of the planning moratorium into the West Midlands. Argues that English Partnerships' policies of releasing large areas of brownfield land are skewing development contracts towards large national companies. Smaller local developers are seen to be suffering. Agreements made under the Town and Country Planning Act 1990 s106 are compounding the problem. Reports a desire for implementation of some mitigating measures which were suggested by the Callcutt Review (L141426). | ||
| 590 | _aKA | ||
| 650 | 2 | 4 | _aTOWN AND COUNTRY PLANNING ACT 1990 S106 |
| 651 | 4 | _aWest Midlands | |
| 690 |
_aPlanning and development _96259 |
||
| 690 | _aPROPERTY-RESIDENTIAL PROPERTY-RESIDENTIAL PROPERTY MARKET | ||
| 942 | _n0 | ||
| 999 |
_c79969 _d79969 |
||